Nukleárny program ako nástroj zahraničnej politiky štátu bakalárska práca

Saved in:
Bibliographic Details
Main Author: Klimanová, Alžbeta
Corporate Author: Fakulta medzinárodných vzťahov EU. Katedra medzinárodných politických vzťahov
Other Authors: Futó, Gilbert
Format: Book
Language:Slovak
Published: Bratislava 2017
Tags: Add Tag
No Tags, Be the first to tag this record!

MARC

LEADER 00000nbm a2200000 4500
001 0232101
005 20180223122333.3
041 0 |a slo 
044 |a SK 
245 1 0 |a Nukleárny program ako nástroj zahraničnej politiky štátu  |b bakalárska práca  |c Alžbeta Klimanová ; školiteľ: Gilbert Futó 
264 1 |a Bratislava  |c 2017 
300 |a 47 s. 
100 1 |a Klimanová, Alžbeta 
700 1 |a Futó, Gilbert 
710 2 |a Fakulta medzinárodných vzťahov EU. Katedra medzinárodných politických vzťahov